000
00330nam a2200121Ia 4500
008
230303s9999 xx 000 0 und d
041
_a
eng
082
_a
620.001'51 POT
100
_a
Potter(Merle.C) Goldberg(J.L) & Aboufadel(Edward.F
245
_a
Advanced Engineering Mathematics
260
_a
NEW YORK,
_b
OCLC E
365
_c
RS
999
_c
183026
_d
183026